[Event "Azores op 4th"]
[Site "Ponta Delgada"]
[Date "2017.12.10"]
[Round "7"]
[White "Andrade, Cristovao Almeida"]
[Black "Torres, Ricardo Jorge Ferre"]
[Result "1-0"]
[WhiteElo "1569"]
[BlackElo "1032"]
[PlyCount "97"]
[EventDate "2017.12.07"]
[EventType "swiss"]
[EventRounds "7"]
[EventCountry "POR"]
[SourceTitle "CBM 182 Extra"]
[Source "ChessBase"]
[SourceDate "2018.02.23"]
[SourceVersion "1"]
[SourceVersionDate "2018.02.23"]
[SourceQuality "1"]

1. e4 c5 2. Nf3 Nc6 3. d4 cxd4 4. Nxd4 d6 5. Nc3 g6 6. Be3 Bg7 7. Qd2 Nf6 8. 0-0-0 0-0 9. Kb1 Ng4 10. Nxc6 bxc6 11. Bd4 Bxd4 12. Qxd4 Qb6 13. Qxb6 axb6 14. Rd2 Ba6 15. Bxa6 Rxa6 16. f3 Nf6 17. Re1 Nd7 18. f4 f6 19. Ne2 c5 20. Nc3 Re8 21. Nd5 Ra7 22. g4 Kf7 23. h4 Rea8 24. a3 e5 25. Nc3 Ke7 26. Nb5 Ra4 27. h5 exf4 28. hxg6 hxg6 29. Rh1 Rxe4 30. Rh7+ Kd8 31. Rh8+ Re8 32. Rxe8+ Kxe8 33. Nc7+ Ke7 34. Nxa8 f3 35. Nc7 Ne5 36. Rf2 Nxg4 37. Rxf3 f5 38. Nd5+ Ke6 39. Nf4+ Ke5 40. Nxg6+ Ke4 41. Rf4+ Ke3 42. Rxf5 Ke2 43. Rd5 Nf2 44. Rxd6 b5 45. Rc6 Kf3 46. Ne5+ Kf4 47. Nd3+ Kf3 48. Rf6+ Ke2 49. Rxf2+ 1-0

[Event "Azores op 4th"]
[Site "Ponta Delgada"]
[Date "2017.12.08"]
[Round "3"]
[White "Andrade, Cristovao Almeida"]
[Black "Oliveira, Daniela Sousa"]
[Result "1-0"]
[WhiteElo "1569"]
[BlackElo "1111"]
[PlyCount "31"]
[EventDate "2017.12.07"]
[EventType "swiss"]
[EventRounds "7"]
[EventCountry "POR"]
[SourceTitle "CBM 182 Extra"]
[Source "ChessBase"]
[SourceDate "2018.02.23"]
[SourceVersion "1"]
[SourceVersionDate "2018.02.23"]
[SourceQuality "1"]

1. e4 e5 2. Nf3 Nc6 3. d4 exd4 4. Nxd4 Nf6 5. Nc3 Bc5 6. Be3 Nxd4 7. Bxd4 Bb6 8. e5 Ng8 9. Be2 f6 10. Qd3 fxe5 11. Bh5+ Kf8 12. Bxe5 Qg5 13. Qf3+ Nf6 14. Bxf6 Qxf6 15. Qe2 d6 16. Qe8# 1-0